Neúspešná investícia slovenskej firmy v zahraničí bakalárska práca

Gespeichert in:
Bibliographische Detailangaben
1. Verfasser: Littva, Andrej
Körperschaft: Obchodná fakulta EU. Katedra medzinárodného obchodu
Weitere Verfasser: Gocmanová, Marcela, 1997-
Format: Buch
Sprache:Slowakisch
Veröffentlicht: Bratislava 2023
Tags: Tag hinzufügen
Keine Tags, Fügen Sie das erste Tag hinzu!

MARC

LEADER 00000nbm a2200000 4500
001 0294903
005 20240206101211.7
041 0 |a slo 
044 |a SK 
245 1 0 |a Neúspešná investícia slovenskej firmy v zahraničí  |b bakalárska práca  |c Andrej Littva ; školiteľ: Marcela Gocmanová 
264 1 |a Bratislava  |c 2023 
300 |a 42 s. 
100 1 |a Littva, Andrej 
700 1 |a Gocmanová, Marcela, 1997- 
710 2 |a Obchodná fakulta EU. Katedra medzinárodného obchodu